Normale Ansicht MARC-Ansicht ISBD

Istorija Belovskogo rajona : (Titelsatznr. 15691)

[ MARC ]
MARC-Details
000 -Satzkennung
Kontrollfeld mit fester Länge 00515nam a22002051c 4500
001 - Kontrollnummer
Kontrollfeld a987661115
008 - Feld mit fester Länge zur physischen Beschreibung - Allgemeine Angaben
Kontrollfeld mit fester Länge 080610s2005 gw |||| 000u rus d
041 ## - Sprachcode
Sprachcode des Textes/der Tonspur oder des separaten Titels rus
040 ## - Katalogisierungsquelle
Übertragungsstelle RU-10907106
003 - Kontrollnummer Identifier
Kontrollfeld RU-10907106
100 1# - Haupteintragung - Personenname
Personenname Korovin, Vjačeslav T.
245 00 - Titel
Titel Istorija Belovskogo rajona :
Zusatz zum Titel sobytija, fakty, ljudi (1920-2000)
264 ## - Produktion, Veröffentlichung, Distribution, Herstellung und Urheberrechtsvermerk
Herstellungs-, Veröffentlichungs- Vertriebs-, Erzeugungsort Kemerovo :
Produzent, Herausgeber, Distributor, Hersteller Kuzbassvuzizdat,
Datum der Herstellung, der Veröffentlichung, des Vertriebs oder des Urheberschutzvermerks 2005
300 ## - Physische Beschreibung
Umfang 376 S.
650 #0 - Nebeneintragung unter einem Schlagwort - Sachschlagwort
Sachschlagwort oder geografischer Name als Eintragungselement Stadtverwaltung
651 #0 - Nebeneintragung unter einem Schlagwort - Geografischer Name
Geografischer Name Sibirien
651 #0 - Nebeneintragung unter einem Schlagwort - Geografischer Name
Geografischer Name Kemerovo
651 #0 - Nebeneintragung unter einem Schlagwort - Geografischer Name
Geografischer Name
942 ## - Zusätzliche Felder (Koha)
Koha-Medientyp Monographien
Exemplare
Ausgeschieden Verloren Klassifikation oder Aufstellungssystematik Beschädigt Nicht entleihbar Heimatbibliothek Aufenthaltsbibliothek Aufstellungsort Erwerbungsdatum Inventarnummer Signatur Barcode Letzte Aktivität Preis gültig von Koha-Medientyp
    Andere/Generische Klassifikation     MWN Osteuropa MWN Osteuropa Magazin - 2 10/06/2008 08-01886 R 60 n Sibir 4 E004015078FCE610 23/02/2021 22/03/2021 Monographien